বাংলাদেশ ও বর্তমান বিশ্ব / (Record no. 47839)
[ view plain ]
| 000 -LEADER | |
|---|---|
| fixed length control field | 00842nam a2200217 a 4500 |
| 001 - CONTROL NUMBER | |
| control field | 47839 |
| 003 - CONTROL NUMBER IDENTIFIER | |
| rucl marc code | BD-RjUL |
| 005 - DATE AND TIME OF LATEST TRANSACTION | |
| control field | 20211209054413.0 |
| 008 - FIXED-LENGTH DATA ELEMENTS--GENERAL INFORMATION | |
| fixed length control field | 160810s1994 bg ||||| |||| 00| e b d |
| 035 ## - SYSTEM CONTROL NUMBER | |
| System control number | (BD-RjUL)47958 |
| 040 ## - CATALOGING SOURCE | |
| Original cataloging agency | BD-RjUL |
| Language of cataloging | eng |
| Transcribing agency | BD-RjUL |
| Modifying agency | BD-RjUL |
| 041 ## - LANGUAGE CODE | |
| Language code of text/sound track or separate title | eng |
| 082 ## - DEWEY DECIMAL CLASSIFICATION NUMBER | |
| Edition number | 23 |
| Author mark and year | HOB 1994 |
| Classification number | 327.1095492 |
| 100 1# - MAIN ENTRY--PERSONAL NAME | |
| Personal name | হোসেন, সৈয়দ আনোয়ার |
| 9 (RLIN) | 125181 |
| 245 1# - TITLE STATEMENT | |
| Title | বাংলাদেশ ও বর্তমান বিশ্ব / |
| Statement of responsibility, etc. | সৈয়দ আনোয়ার হোসেন |
| 260 ## - PUBLICATION, DISTRIBUTION, ETC. (IMPRINT) | |
| Place of publication, distribution, etc. | ঢাকা : |
| Name of publisher, distributor, etc. | আগামী প্রকাশনী, |
| Date of publication, distribution, etc. | ১৯৯৪ |
| 300 ## - PHYSICAL DESCRIPTION | |
| Pagination | ৭২ পৃ. ; |
| Size | ২০ সেমি. |
| 650 ## - SUBJECT ADDED ENTRY--TOPICAL TERM | |
| Topical term or geographic name as entry element | পররাষ্ট্রনীতি |
| Geographic subdivision | বাংলাদেশ |
| 9 (RLIN) | 145259 |
| Topical term or geographic name as entry element | Foreign policy |
| General subdivision | Bangladesh |
| 9 (RLIN) | 146093 |
| 942 ## - ADDED ENTRY ELEMENTS (KOHA) | |
| Source of classification or shelving scheme | Dewey Decimal Classification |
| Koha item type | Books |
| Lost status | Source of classification or shelving scheme | Damaged status | Not for loan | Collection code | Permanent Location | Current Location | Shelving location | Date acquired | Source of acquisition | Cost, normal purchase price | Total Checkouts | Full call number | Date last seen | Copy number | Koha item type |
|---|---|---|---|---|---|---|---|---|---|---|---|---|---|---|---|
| Dewey Decimal Classification | Non-fiction | Central Library, University of Rajshahi | Central Library, University of Rajshahi | 11/01/1999 | Agami prokashona, Dhaka | 50.00 | B 327.1095492 HOB 1994 | 13/08/2016 | C-2 | Books | |||||
| Dewey Decimal Classification | Non-fiction | Central Library, University of Rajshahi | Central Library, University of Rajshahi | 11/01/1999 | Agami prokashona, Dhaka | 50.00 | B 327.1095492 HOB 1994 | 13/08/2016 | C-3 | Books | |||||
| Dewey Decimal Classification | Not For Loan | Non-fiction | Central Library, University of Rajshahi | Central Library, University of Rajshahi | Reading Room | 07/01/1999 | Prothoma prokason | 50.00 | B 327.1095492 HOB 1994 | 17/12/2016 | C-1 | Books |